Case studies in business ethics
Đã lưu trong:
| 主要作者: | |
|---|---|
| 格式: | 图书 |
| 语言: | Undetermined |
| 出版: |
Englewood Cliffs
Prentice-Hall
1984
|
| 主题: | |
| 标签: |
添加标签
没有标签, 成为第一个标记此记录!
|
| Thư viện lưu trữ: | Trung tâm Học liệu Trường Đại học Cần Thơ |
|---|
| LEADER | 00456nam a2200169Ia 4500 | ||
|---|---|---|---|
| 001 | CTU_78483 | ||
| 008 | 210402s9999 xx 000 0 und d | ||
| 082 | |a 174.4 | ||
| 082 | |b D676 | ||
| 100 | |a Donalson, Thomas | ||
| 245 | 0 | |a Case studies in business ethics | |
| 245 | 0 | |c Thomas Donalson | |
| 260 | |a Englewood Cliffs | ||
| 260 | |b Prentice-Hall | ||
| 260 | |c 1984 | ||
| 650 | |a Business ethics | ||
| 980 | |a Trung tâm Học liệu Trường Đại học Cần Thơ | ||